000 01118nas a2200373 4500
001 BR0304169
003 BR-BrBNA
005 20231205104015.0
007 ta
008 230509b bl.|||p| |||| 00| 00por d
040 _aBR-BrBNA
_bpor
_cBiblioteca Nacional de Agricultura
041 _a(Pt)
072 _aE11; P40
100 1 _aAssad, E.D.
100 1 _aEvangelista, B.A.
100 1 _aSilva, F.A.M da
100 1 _aCunha, S.A.R. da
100 1 _aAlves, E.R.
100 1 _aLopes, T.S. de S.
100 1 _aPinto, H.S.
100 1 _aZullo Junior, J.
245 1 _aZoneamento agroclimático para a cultura de café (Coffea arabica L.)no estado de Goiás e sudoeste do estado da Bahia
650 _aCAFÉ
650 _aZONEAMENTO AGRÍCOLA
650 _aZONEAMENTO CLIMÁTICO
650 _aBALANÇO HÍDRICO
650 _aCERRADO
650 _aTEMPERATURA
650 _aGOIÁS
650 _aBAHIA
773 0 _tRevista Brasileira de Agrometeorologia (Brazil)
_xISSN 0104-1347
_g(Dec 2001), v. 9(3) p. 510-518
_wBR0304169
909 _a202311
_bLúcia
_c55
_dLúcia Elande
942 _2AGRIS
_n0
_cANA
999 _c175918
_d175918